Statistiques concernant Chanson française par année de sortie

Cliquez ici pour prendre le quiz!

Statistiques générales

  • Ce quiz a été pris 178 fois
  • Le résultat moyen est 6 sur 16

Statistiques - réponses

HintRéponse% Correct
Péon - Vald ft. Orelsan2022
79%
La Grenade - Clara Luciani2017
72%
Au Soleil - Jenifer2002
64%
Les Démons de Minuit - Images1986
56%
La Tribu de Dana - Manau1998
47%
Tout va très bien, madame la Marquise - Ray Ventura1935
42%
Hymne à l'amour - Édith Piaf1950
36%
Comme d'habitude - Claude François1967
34%
Vertige de l'amour - Alain Bashung1980
31%
1980 - Pascal Obispo2006
31%
Besoin de personne - Véronique Sanson1972
27%
La Queue Leu Leu - Bézu1987
26%
Foule sentimentale - Alain Souchon1993
26%
J'ai encore rêvé d'elle - Il était une fois1975
21%
Les Copains d'abord - George Brassens1964
17%
Le Poinçonneur des Lilas - Serge Gainsbourg1958
16%

Distribution des résultats

Percentile par nombre de réponses

% des personnes avec chaque résultat

Votre développement - résultats

Vous n’avez pas pris ce quiz